Score 0/7 Timer 03:00
0 Plays Today
Question Answer Wrong Answers
This mountaineer, known for first reaching the summit of Mount Everest along with Tenzing Norgay, dies at age 88 in Auckland, New Zealand.
2008
Edmund Hillary
86.2%
Roald Amundsen
6.3%
Reinhold Messner
2.2%
George Mallory
3.4%
Alabama secedes from the United States. It would lend this city as the temporary capital of the Confederate States of America.
1861
Montgomery
82%
Jackson
11.8%
Auburn
1.8%
Huntsville
4.2%
This man, head of MGM, announces the founding of International Academy of Motion Picture Arts and Sciences.
1927
Louis B. Mayer
72.9%
Cecil B. DeMille
20%
Henry B. Wimbush
2.2%
John B. Mather
4.1%
The ballet Romeo and Juliet, by this Russian composer, debuts at the Kirov Theatre in Leningrad.
1940
Sergei Prokofiev
65.1%
Alexander Glazunov
12.4%
Alexander Borodin
15.5%
Aram Khachaturian
5.7%
Japanese forces capture this city, the capital of the Federated Malay States.
1942
Kuala Lumpur
65%
Manila
20.2%
Bangkok
7.9%
Yangon
5.3%
William Herschel discovers Oberon & Titania, two moons of this planet.
1787
Uranus
37.1%
Mars
10.1%
Jupiter
48.9%
Mercury
3.8%
The Beatles release this single, the title track from their debut LP.
1963
Please Please Me
27.1%
I Want to Hold Your Hand
34.4%
A Hard Day's Night
30.3%
Twist and Shout
6.5%
Remove Ads.
Support Sporcle.
Get the best of Sporcle when you Go Orange. This ad-free experience offers more features, more stats, and more fun while also helping to support Sporcle. Thank you for becoming a member.

You're not logged in!

Compare scores with friends on all Sporcle quizzes.
OR
Log In

Show Comments

Extras

Top Quizzes Today


Score Distribution

Your Account Isn't Verified!

In order to create a playlist on Sporcle, you need to verify the email address you used during registration. Go to your Sporcle Settings to finish the process.

Report this User

Report this user for behavior that violates our Community Guidelines.

Details: